Daňové raje pod väčším tlakom sedem krajín ostalo na čiernej listine offshore centier

Bibliographic Details
Main Author: Rabatinová, Denisa (Author)
Format: Article
Language:Slovak
PhysicalDescription:Fotogr.
ISSN:1335-4701
Subjects:

MARC

LEADER 00000nab a2200000 a 4500
001 vtls000799030
003 SK-MaSNL
005 20260304204447.0
008 140301c2002 xo 0 slo
015 |a SNBRB2002/06-21317 
035 |a CLN000150685 
040 |a SNKBUCL  |b slo  |c SNKBUCL  |e AACR2 
041 0 |a slo 
044 |a xo  |c SK 
080 |a 336.2.026.027.7/.8:339.92:061.1(100)  |2 1997 
080 |a 339.92:061.1(100)  |2 1997 
100 1 |a Rabatinová, Denisa  |4 aut  |9 852460 
245 1 0 |a Daňové raje pod väčším tlakom  |b sedem krajín ostalo na čiernej listine offshore centier  |c Denisa Rabatinová 
300 |b Fotogr. 
610 2 7 |a Organizácia pre hospodársku spoluprácu a rozvoj  |2 SNKKA  |9 34678 
650 0 7 |a dane  |2 SNKPH  |9 2123 
650 0 7 |a daňové raje  |2 SNKPH  |9 247456 
655 7 |a články z novín a časopisov  |2 SNK  |9 267496 
773 0 |t Hospodárske noviny  |g Roč. 10, č. 100 (27.5.2002)  |x 1335-4701 
773 0 |t [Príl.] Peniaze a investície  |g Roč. 3, č. 5 (2002), s. 29  |x 1335-4701 
850 |a Slovenská národná knižnica v Martine 
852 |a SNK  |b KIS3GCP 
992 |a RBX 
999 |c 3116146  |d 3118076